| 000 | 01082cam a2200325 a 4500 | ||
|---|---|---|---|
| 001 | 2121533 | ||
| 003 | OSt | ||
| 005 | 20230921162358.0 | ||
| 008 | 961012s1996 ii b 001 0 eng | ||
| 010 | _a 96903919 | ||
| 020 | _a9788173041211 | ||
| 020 | _a8173041210 | ||
| 025 | _aI-E-96-903919; 06-92 | ||
| 040 |
_aDLC _cDLC _dDLC |
||
| 042 | _alcode | ||
| 043 | _aa-ii--- | ||
| 050 | 0 | 0 |
_aBL2015.R48 _bB47 1996 |
| 082 | 0 | 0 |
_a294.538 _bBHA/A |
| 100 | 1 |
_aBhattacharyya, N. N. _q(Narendra Nath), _d1934-2001 _99565 |
|
| 245 | 1 | 0 |
_aAncient Indian rituals and their social contents / _cN.N. Bhattacharyya. |
| 260 |
_aNew Delhi : _bManohar Publishers & Distributors, _c2023. |
||
| 300 |
_axxiii, 305 p. ; _c23 cm. |
||
| 504 | _aIncludes bibliographical references (p. [279]-288) and index. | ||
| 650 | 0 |
_aRites and ceremonies _zIndia. |
|
| 650 | 0 |
_aCults _zIndia. |
|
| 651 | 0 |
_aIndia _xReligion. |
|
| 906 |
_a7 _bcbc _corigode _d3 _encip _f19 _gy-gencatlg |
||
| 942 |
_2ddc _cBK _h294.538 _iBHA/A _k294.538 _mBHA/A |
||
| 999 |
_c42213 _d42213 |
||